[Event "my finest hour"]
[Site "http://www.queenalice.com/game.php?id=841501"]
[Date "2010.10.3"]
[Round "-"]
[White "markgrim83"]
[Black "rsanjabi"]
[Result "0-1"]
[WhiteElo "951"]
[BlackElo "1215"]

1. e4 d5 2. d3 d4 3. Nf3 f5 4. b3 Nf6 5. c4 fxe4 6. Ne5 Qd6 7. f4 g5 8. Ba3 Qa6
9. dxe4 Nc6 10. fxg5 Nxe4 11. Nd2 Qxa3 12. Nxe4 Nxe5 13. Qh5+ Ng6 14. Rd1 Bg7
15. Qf3 Qb4+ 16. Rd2 Rf8 17. Qh5 Rf4 18. Nf2 Rh4 19. Qf3 d3 20. Bxd3 Rd4 21. Ng4
Bxg4 22. Qg3 Qc3 23. Rf1 Be5 24. Qf2 Rxd3 25. h3 Qc1+ 26. Rd1 Qxd1# 0-1

[Event "Challenge"]
[Site "http://www.queenalice.com/game.php?id=847684"]
[Date "2010.10.18"]
[Round "-"]
[White "alfil187"]
[Black "markgrim83"]
[Result "0-1"]
[WhiteElo "965"]
[BlackElo "963"]

1. g3 e6 2. b3 Nf6 3. Nf3 d6 4. Nc3 d5 5. Bh3 Bc5 6. O-O h5 7. e3 Nc6 8. Qe1 Nb4
9. Ba3 Nxc2 10. Qc1 Nxa3 11. Na4 Bb4 12. Rb1 Qd7 13. Nc3 Qb5 14. Nxb5 Nxb5 15.
Rb2 b6 16. Rc2 Kd8 17. Qb2 Rh6 18. Kg2 h4 19. gxh4 a5 20. Ne5 Bb7 21. Nxf7+ Ke7
0-1

[Event "Challenge"]
[Site "http://www.queenalice.com/game.php?id=847685"]
[Date "2010.10.18"]
[Round "-"]
[White "alfil187"]
[Black "markgrim83"]
[Result "0-1"]
[WhiteElo "982"]
[BlackElo "946"]

1. g3 e6 2. b3 c6 3. Nf3 Nf6 4. Nc3 Qa5 5. Bh3 Bd6 6. O-O O-O 7. e3 b6 8. Qe1
Ba6 9. Qe2 Bxe2 10. Nxe2 c5 11. Rd1 Qb5 12. Ba3 Qxe2 13. Bf1 Qxf3 14. Bg2 Qe2
15. Bf1 Qf3 16. d3 Ng4 17. Bg2 Qxf2+ 18. Kh1 f5 19. Rf1 Qxe3 20. Rae1 Qd4 21.
Bf3 Rf6 22. Bxa8 Rh6 0-1

[Event "if that was your finest hour..."]
[Site "http://www.queenalice.com/game.php?id=853235"]
[Date "2010.11.1"]
[Round "-"]
[White "markgrim83"]
[Black "rsanjabi"]
[Result "0-1"]
[WhiteElo "979"]
[BlackElo "1220"]

1. g3 d5 2. e3 d4 3. Nf3 c5 4. Na3 Qd5 5. Bg2 Nc6 6. b3 Bg4 7. Bb2 Ne5 8. O-O
Bxf3 9. Qe1 Bxg2 10. Qe2 Bxf1 11. Rxf1 Qf3 12. Qb5+ Qc6 13. Qa5 b6 14. Qa6 Nf6
15. exd4 Nf3+ 16. Kg2 Ng4 17. Qd3 Nfxh2+ 18. Kg1 Rd8 19. Qb5 Nf3+ 20. Kg2 Nxd4+
21. Kh3 Nxb5 22. Kxg4 Qe4+ 23. f4 Qe2+ 24. Rf3 g6 25. Bxh8 Nxa3 26. Bb2 Nxc2 27.
d3 Ne3+ 28. Kh3 Qxf3 29. a4 Qg2+ 30. Kh4 Qh2+ 31. Kg5 Qh5# 0-1

[Event "Challenge"]
[Site "http://www.queenalice.com/game.php?id=872196"]
[Date "2010.12.15"]
[Round "-"]
[White "markgrim83"]
[Black "rsanjabi"]
[Result "0-1"]
[WhiteElo "973"]
[BlackElo "1226"]

1. b3 d5 2. e3 d4 3. Ba3 Nf6 4. Nf3 Nc6 5. d3 e5 6. Be2 Bb4+ 7. Kf1 Ng4 8. exd4
exd4 9. Nbd2 Bxa3 10. Nc4 Bb4 11. a3 Bc3 12. Rc1 O-O 13. h3 Nf6 14. h4 Re8 15.
Kg1 Bg4 16. Rb1 Nh5 17. g3 Re6 18. Qf1 Qd5 19. Nb2 Bxf3 20. Bd1 Bxh1 21. Bxh5
Bf3 22. g4 g6 23. Qh3 gxh5 24. gxh5 Re1+ 25. Rxe1 Bxe1 26. Qg3+ Kf8 27. h6 Re8
28. Qg7+ Ke7 29. Qxh7 Bh1 30. Kf1 Kd7 31. Qg7 Qf5 32. Kg1 Qxf2+ 33. Kxh1 Qf1+
34. Kh2 Re2+ 35. Qg2 Qxg2# 0-1

[Event "the tenzing norgay of failure"]
[Site "http://www.queenalice.com/game.php?id=892900"]
[Date "2011.1.29"]
[Round "-"]
[White "markgrim83"]
[Black "rsanjabi"]
[Result "1-0"]
[WhiteElo "967"]
[BlackElo "1232"]

1. c4 d5 2. d3 d4 3. Qa4+ c6 4. Nf3 f6 5. h4 e5 6. g3 Bd7 7. Bh3 b5 8. Qb3 Na6
9. Nbd2 Nc5 10. Qb4 Ne6 11. c5 Bxc5 12. Qb3 Qc8 13. Ne4 Bb6 14. Nd6+ Ke7 15.
Nxc8+ Rxc8 16. Qb4+ c5 17. Qa3 b4 18. Qa6 Nc7 19. Qb7 Nh6 20. a3 Rb8 21. Qe4 Nf7
22. h5 Nd6 23. Qh4 Rhg8 24. h6 g5 25. Qh5 g4 26. Bxg4 Bxg4 27. Qh4 Nf5 28. Qh2
c4 29. Nd2 Rg5 30. axb4 c3 31. bxc3 dxc3 32. Nc4 Bd4 33. Qg2 Rxb4 34. Qc6 Ne6
35. Ba3 Rh5 36. Rxh5 Bxh5 37. Bxb4+ Kf7 38. Rc1 Nxh6 39. Qd7+ Kg6 40. Qxe6 Ng4
41. e3 Bb6 42. Rxc3 Bc7 43. Qg8+ Kh6 44. Bf8# 1-0

[Event "my flagpole deep in your thorax"]
[Site "http://www.queenalice.com/game.php?id=916564"]
[Date "2011.3.23"]
[Round "-"]
[White "markgrim83"]
[Black "rsanjabi"]
[Result "0-1"]
[WhiteElo "1021"]
[BlackElo "1264"]

1. b3 d5 2. d4 f6 3. e3 e5 4. g3 e4 5. Nc3 f5 6. Nh3 Bb4 7. Bd2 Qf6 8. Nxd5
Bxd2+ 9. Qxd2 Qf7 10. Nhf4 Nf6 11. Nb4 a5 12. Bc4 Qe7 13. Nbd5 Qd6 14. b4 Nc6
15. a3 axb4 16. a4 Na5 17. Qxb4 Qxb4+ 18. Nxb4 Nxc4 19. Ke2 O-O 20. h4 Nb6 21.
Rac1 Nxa4 22. Ra1 c5 23. dxc5 Rd8 24. h5 Nc3+ 25. Kf1 Rxa1+ 26. Kg2 Ra4 27. h6
Rxb4 28. g4 fxg4 29. Kg3 Rd1 30. Rxd1 Nxd1 31. Ne2 Nh5+ 32. Kh4 g6 33. Nc3 Nxc3
34. Kg5 g3 35. fxg3 Rb1 36. Kh4 Nd5 37. g4 Rh1+ 38. Kg5 Rg1 39. Kh4 Rxg4+ 40.
Kh3 Rg3+ 41. Kh2 Rh3+ 42. Kg2 Nxe3+ 43. Kf2 Nd1+ 44. Kg1 e3 45. Kf1 Rh2 46. Kg1
Rxc2 47. Kf1 e2+ 48. Ke1 Ne3 49. Kf2 e1=Q+ 50. Kf3 Qh1+ 51. Kxe3 Qh4 52. Kd3
Bf5+ 53. Ke3 Rc3+ 54. Kd2 Rd3+ 55. Kc2 Qh2+ 56. Kb1 Rd1# 0-1

[Event "Challenge"]
[Site "http://www.queenalice.com/game.php?id=935690"]
[Date "2011.5.8"]
[Round "-"]
[White "soudeDeus"]
[Black "markgrim83"]
[Result "0-1"]
[WhiteElo "1392"]
[BlackElo "1065"]

1. g3 e6 2. Bg2 Nf6 3. b3 c6 4. Bb2 g5 5. h4 Na6 6. hxg5 Nd5 7. Bxh8 b5 8. d3
Qxg5 9. Qd2 f6 10. Qxg5 fxg5 11. Nh3 Nab4 12. Kd1 Bh6 13. Bxd5 cxd5 14. a3 Nc6
15. c4 Ke7 16. cxb5 Na5 17. b4 Nb3 18. Ra2 a6 19. bxa6 Rxa6 20. f4 Rc6 21. Rc2
gxf4 22. Rxc6 dxc6 23. gxf4 Ba6 24. Kc2 Nc5 25. bxc5 Bb5 26. Rg1 Ba4+ 27. Kc3
Bf8 28. Ng5 Kd7 29. e4 Bxc5 30. Rh1 Be3 31. Nxh7 c5 32. exd5 Kd6 33. dxe6 Kd5
34. e7 Bxf4 35. Nf6+ Kd6 36. e8=Q Bxe8 37. Nxe8+ Kd5 38. Re1 Bg3 39. Rg1 Bf2 40.
Rg5+ Ke6 41. a4 Kf7 42. Nc7 Be1+ 43. Kc4 Ba5 44. Kxc5 Bxc7 0-1

[Event "my penis is a universe"]
[Site "http://www.queenalice.com/game.php?id=939688"]
[Date "2011.5.18"]
[Round "-"]
[White "markgrim83"]
[Black "rsanjabi"]
[Result "1-0"]
[WhiteElo "1015"]
[BlackElo "1248"]

1. e3 d5 2. b3 d4 3. Nf3 c5 4. g4 Nc6 5. h3 e5 6. c4 e4 7. Nh2 d3 8. Nc3 Nb4 9.
Bg2 Nc2+ 10. Kf1 Nxa1 11. Bxe4 g6 12. Ba3 Nc2 13. Qf3 Qc7 14. Nd5 Qe5 15. Qf4
Qa1+ 16. Kg2 Qxa2 17. Nc7+ Kd7 18. Qxf7+ Kd8 19. Nxa8 Bd6 20. Nf3 Nxa3 21. Qd5
Kd7 22. Ne5+ Ke8 23. Qxd6 h5 24. Nc7# 1-0

[Event "Challenge"]
[Site "http://www.queenalice.com/game.php?id=944396"]
[Date "2011.5.30"]
[Round "-"]
[White "josedesouza"]
[Black "markgrim83"]
[Result "0-1"]
[WhiteElo "1130"]
[BlackElo "1101"]

1. e4 g6 2. Nf3 e6 3. Nc3 Nc6 4. d4 Nf6 5. Bg5 h6 6. Bf4 h5 7. h4 a5 8. Nb5 Bh6
9. Nxc7+ Ke7 10. Nxa8 Bxf4 11. g3 Bh6 12. Qd3 a4 13. Qd2 Bxd2+ 14. Nxd2 Qa5 15.
c3 Qxa8 16. O-O-O d6 17. d5 Ne5 18. Bh3 Bd7 19. dxe6 fxe6 20. a3 Rc8 21. f4 Nd3+
22. Kc2 Qa6 23. Rhf1 Bb5 24. Rf3 Bc4 25. f5 Qb5 26. Rg1 Nxb2 27. Bf1 d5 28. e5
Ng4 29. Rf4 Ne3+ 30. Kc1 Bd3 31. f6+ Kf7 32. g4 Rxc3# 0-1

[Event "[insert humourous title here]"]
[Site "http://www.queenalice.com/game.php?id=945750"]
[Date "2011.6.3"]
[Round "-"]
[White "markgrim83"]
[Black "rsanjabi"]
[Result "1-0"]
[WhiteElo "1040"]
[BlackElo "1260"]

1. d3 d5 2. a4 Qd7 3. Nc3 d4 4. Ne4 Qd5 5. f3 Nc6 6. c3 Na5 7. g4 Nb3 8. Ra3
Nxc1 9. Qxc1 g6 10. Nh3 f5 11. Nd2 Qd6 12. cxd4 Qxa3 13. bxa3 c6 14. Qc4 Bd7 15.
Ng5 b5 16. Qf7+ Kd8 17. Qxf8+ Be8 18. Nf7+ Kd7 19. Bh3 Bxf7 20. Qxa8 a5 21. Kf2
b4 22. Rc1 Bd5 23. gxf5 bxa3 24. e4 Ba2 25. Rxc6 Nf6 26. Qb7+ Ke8 27. fxg6 hxg6
28. Qc8+ Kf7 29. Qxh8 Bb1 30. Be6# 1-0

[Event "something smug"]
[Site "http://www.queenalice.com/game.php?id=948310"]
[Date "2011.6.10"]
[Round "-"]
[White "markgrim83"]
[Black "rsanjabi"]
[Result "0-1"]
[WhiteElo "1094"]
[BlackElo "1258"]

1. b3 d5 2. e3 d4 3. Nf3 f6 4. Nxd4 e5 5. Nf3 Nc6 6. Ba3 Bxa3 7. Nxa3 Nb4 8. Bc4
Bf5 9. Nh4 Be4 10. Qg4 g5 11. Qe6+ Ne7 12. d3 Bd5 13. Qxf6 Rf8 14. Qxg5 Qd7 15.
e4 b5 16. Nxb5 Bxc4 17. bxc4 Nxc2+ 18. Kd2 Nxa1 19. Rxa1 a6 20. Nc3 Qd4 21. Rb1
Rxf2+ 22. Ke1 Rc2 23. Rb7 Qf2+ 24. Kd1 Rxc3 25. Rxc7 Rxd3+ 26. Kc1 Qe1+ 27. Kb2
Rb8+ 28. Kc2 Qd1# 0-1

[Event "wisdom for future generations "]
[Site "http://www.queenalice.com/game.php?id=951380"]
[Date "2011.6.18"]
[Round "-"]
[White "rsanjabi"]
[Black "markgrim83"]
[Result "0-1"]
[WhiteElo "1283"]
[BlackElo "1118"]

1. Nc3 e6 2. d4 Nf6 3. d5 b6 4. e4 g6 5. h4 Bd6 6. Nf3 Ng4 7. Qe2 Ba6 8. Nb5 Bc5
9. Bf4 Qf6 10. Nxc7+ Ke7 11. Be5 Nxe5 12. Nxa6 Ng4 13. Nxc5 bxc5 14. e5 Qf4 15.
d6+ Kd8 16. Qb5 Qe4+ 17. Be2 Nc6 18. Qb7 Rb8 19. Qc7+ Ke8 20. Kd2 Qb4+ 21. Kc1
f6 22. Rd1 Nxf2 23. Rd2 fxe5 24. Rb1 Ne4 25. Ba6 Rf8 26. a3 Qa5 27. Qxa5 Nxa5
28. Rd3 Rb6 29. Bc8 Kd8 30. Bxd7 Kxd7 31. Nxe5+ Kd8 32. d7 Rf2 33. c3 Nc6 34.
Nc4 Ne7 35. Nxb6 axb6 36. b4 Nf5 37. bxc5 Nxc5 38. Rd1 Ne3 39. Rd6 Rc2# 0-1

[Event "Clegg this"]
[Site "http://www.queenalice.com/game.php?id=957831"]
[Date "2011.7.7"]
[Round "-"]
[White "markgrim83"]
[Black "rsanjabi"]
[Result "1-0"]
[WhiteElo "1141"]
[BlackElo "1275"]

1. a4 e5 2. e4 d5 3. b3 d4 4. Nf3 f6 5. d3 Bd7 6. Ba3 c5 7. Be2 a6 8. h4 b5 9.
h5 Qe7 10. Nh4 g6 11. Nd2 g5 12. Nhf3 b4 13. Bc1 Qe6 14. Nc4 Ra7 15. g4 Qxg4 16.
Rg1 Qxh5 17. Kd2 g4 18. Rh1 Qg6 19. Nh4 g3 20. Ke1 Qf7 21. fxg3 Bh6 22. Nd6+ Ke7
23. Nxf7 Kxf7 24. Bf1 Bg5 25. Nf5 Nc6 26. Qh5+ Ke6 27. Bh3 Bxc1 28. Rxc1 Nge7
29. Nh6+ Kd6 30. Nf7+ 1-0

[Event "the triumph of the chill"]
[Site "http://www.queenalice.com/game.php?id=1029508"]
[Date "2012.2.13"]
[Round "-"]
[White "rsanjabi"]
[Black "markgrim83"]
[Result "1-0"]
[WhiteElo "1246"]
[BlackElo "1147"]

1. d4 e6 2. e4 b6 3. d5 Nf6 4. c4 Na6 5. Nc3 e5 6. Qa4 g6 7. Nf3 h5 8. Nxe5 Bg7
9. b4 Nh7 10. c5 Bxe5 11. Bb2 Rf8 12. Bxa6 f5 13. Rb1 Qf6 14. Bb5 fxe4 15. Nxe4
Qf5 16. Nd2 Qxf2+ 17. Kd1 Bf4 18. Ne4 Ng5 19. Nxf2 Be3 20. Nd3 Ne4 21. Ke2 Bg5
22. c6 Ke7 23. Ne5 Kf6 24. Rhf1+ Kg7 25. cxd7 Bb7 26. Bc6 Nd6 27. Nf7+ Kg8 28.
Nxg5 Nf5 29. Bxb7 Rae8+ 30. dxe8=Q Rxe8+ 31. Qxe8# 1-0

[Event "the violence of the blands"]
[Site "http://www.queenalice.com/game.php?id=1032678"]
[Date "2012.2.24"]
[Round "-"]
[White "rsanjabi"]
[Black "markgrim83"]
[Result "1-0"]
[WhiteElo "1258"]
[BlackElo "1135"]

1. e4 e5 2. d4 d6 3. d5 b6 4. Nd2 Nf6 5. f3 a5 6. g4 g6 7. Nh3 Bh6 8. g5 Bxg5 9.
Nxg5 Ba6 10. Bc4 b5 11. Bf1 b4 12. b3 Nh5 13. h4 Qf6 14. Nc4 h6 15. Nh3 Nd7 16.
Nxa5 Qxh4+ 17. Nf2 Qg3 18. Nc6 Ndf6 19. Nxb4 Bb7 20. Bb5+ Ke7 21. Kf1 Ra5 22.
Nc6+ Bxc6 23. Bxc6 Rc5 24. Rh3 Qxh3+ 25. Nxh3 g5 26. Qd3 Nf4 27. Nxf4 gxf4 28.
b4 Rxc6 29. dxc6 Rg8 30. Qa6 Nh5 31. Qb7 Ng3+ 32. Ke1 h5 33. Qxc7+ Ke6 34. Qd7+
Kf6 35. Qxd6+ Kg5 36. Qxe5+ Kh4 37. Kf2 Nh1+ 38. Ke2 Rg2+ 39. Kd3 Rg5 40. Qxf4+
Kh3 41. Qxg5 Nf2+ 42. Ke2 h4 43. Qg2+ Kxg2 44. c7 h3 45. c8=Q h2 46. Qg8+ Kh3
47. Qh7+ Kg3 48. Qg7+ Kh3 49. Qh6+ Kg3 50. Bf4+ Kg2 51. Qxh2# 1-0

[Event "clever, the title"]
[Site "http://www.queenalice.com/game.php?id=1054063"]
[Date "2012.4.29"]
[Round "-"]
[White "markgrim83"]
[Black "rsanjabi"]
[Result "0-1"]
[WhiteElo "1124"]
[BlackElo "1292"]

1. e4 d5 2. f3 e5 3. c3 d4 4. b4 c5 5. Na3 Nc6 6. g4 Qh4+ 7. Ke2 cxb4 8. cxb4
Nxb4 9. Qa4+ Bd7 10. Qa5 b6 11. Qxe5+ Qe7 12. Nc4 b5 13. Nd6+ Kd8 14. f4 Qxd6
15. a3 Nc2 16. Rb1 Bxg4+ 17. Kd3 Ne1# 0-1

[Event "Let's Play Chess!"]
[Site "http://www.queenalice.com/game.php?id=1056062"]
[Date "2012.5.4"]
[Round "-"]
[White "fflores"]
[Black "markgrim83"]
[Result "1-0"]
[WhiteElo "1066"]
[BlackElo "1115"]

1. e4 e6 2. Nf3 b6 3. d4 h5 4. e5 Nh6 5. Ng5 f6 6. Qxh5+ Ke7 7. exf6+ gxf6 8.
Ne4 Qe8 9. Qxe8+ Kxe8 10. Nxf6+ Ke7 11. Ne4 Bb7 12. Bd3 Nc6 13. c3 a5 14. O-O
Rg8 15. Bf4 a4 16. Bxc7 e5 17. Bxb6 d5 18. Ng3 exd4 19. cxd4 Rg6 20. Bxg6 Kf6
21. Nc3 Kxg6 22. Nxd5 Bd6 23. Bc7 Nxd4 24. Bxd6 Rd8 25. Nf4+ Kf6 26. Ngh5+ Kf7
27. Be5 Rd5 28. Nxd5 Bxd5 29. Bxd4 Nf5 30. Nf4 Bc6 31. Bc5 Nh4 32. Rfe1 Kf6 33.
Bd6 Nf5 34. Be5+ Kg5 35. g3 Kg4 36. h4 Kf3 37. Rad1 Kg4 38. Nd5 Kh3 39. b4 Nh6
40. a3 Ng4 41. Nf4# 1-0

[Event "mark gets liebermanned"]
[Site "http://www.queenalice.com/game.php?id=1063583"]
[Date "2012.5.24"]
[Round "-"]
[White "rsanjabi"]
[Black "markgrim83"]
[Result "0-1"]
[WhiteElo "1301"]
[BlackElo "1097"]

1. c4 e6 2. d4 f5 3. d5 Nf6 4. Nc3 a5 5. f3 b6 6. e4 Na6 7. g4 Nc5 8. g5 Ng8 9.
Nb5 h6 10. Nh3 d6 11. Nf2 hxg5 12. Bd2 Nf6 13. b4 axb4 14. Bxb4 Nh5 15. Nd3 g4
16. fxg4 Qh4+ 17. Ke2 g6 18. Nxc7+ Kd8 19. Nxa8 Bh6 20. Nxb6 Qxg4+ 21. Ke1 Rf8
22. e5 Qe4+ 23. Be2 Qxh1+ 24. Kf2 Ne4# 0-1